| 000 | 00826cam a22002531a 4500 | ||
|---|---|---|---|
| 001 | 3896 | ||
| 003 | BD-RjUL | ||
| 005 | 20211208233810.0 | ||
| 008 | 131221s1958 ilu b 001 0 eng | ||
| 035 | _a(BD-RjUL)3930 | ||
| 035 | _a(OCoLC)255462 | ||
| 040 |
_aDLC _cOWibfU _dOCoLC _dUk _dCSdC-L _dDLC _dBD-RjUL _beng |
||
| 041 | _aeng | ||
| 082 |
_a340.1 _bFRP 1958 |
||
| 100 | 1 |
_aFriedrich, Carl J. _q(Carl Joachim), _d1901-1984. _96445 |
|
| 245 | 1 | 4 |
_aThe philosophy of law in historical perspective / _cby Carl Joachim Friedrich. |
| 260 |
_aChicago : _bUniversity of Chicago Press, _cc1958. |
||
| 300 |
_ax, 252 p. ; _c22 cm. |
||
| 504 | _aIncludes bibliographical references (p. 233-240) and index. | ||
| 650 | 0 |
_aLaw _xPhilosophy _xHistory. _912423 |
|
| 942 |
_2ddc _cBK |
||
| 999 |
_c3896 _d3896 |
||